000 00485nam a2200169 i 4500
001 63111
003 ES-MaACL
005 20230906164805.0
007 t|
008 031128s1972 sp ||||1| spa d
100 1 _aFerner, Helmut.
_950210
245 1 0 _aEmbriología humana /
_cHelmut Ferner ; [versión, José Salvo].
260 _aBarcelona :
_bHerder,
_c1972.
300 _a223 p. :
_bil. ;
_c22 cm.
700 1 _aSalvo Legarre, J.
_9102139
852 _aES-MaACL
_jC-42943
_bR.83064
999 _c63111
_d63111